Normal view
MARC view
- Browning, Robert Marcellus,
Entry Personal Name
001 - CONTROL NUMBER
- control field: 27976
003 - CONTROL NUMBER IDENTIFIER
- control field: NUST
005 - DATE AND TIME OF LATEST TRANSACTION
- control field: 20200124104750.0
008 - FIXED-LENGTH DATA ELEMENTS
- fixed length control field: 200124|| aca||aabn | a|a d
040 ## - CATALOGING SOURCE
- Original cataloging agency: NUST
- Transcribing agency: NUST
100 ## - HEADING--PERSONAL NAME
- Personal name: Browning, Robert Marcellus,
- Dates associated with a name: 1911-
670 ## - SOURCE DATA FOUND
- Source citation: Work cat.: (NUST)0: German romantic novellas /, 2001.
